[Event "Politiken Cup"]
[Site "Helsingor DEN"]
[Date "2011.07.31"]
[Round "3.63"]
[White "Pedersen,HB"]
[Black "Svanholm,B"]
[Result "1/2-1/2"]
[WhiteElo "2146"]
[BlackElo "1926"]

1.e4 c5 2.c3 Nf6 3.e5 Nd5 4.Bc4 Nb6 5.Bb3 c4 6.Bc2 d6 7.Nf3 Nc6 8.Qe2 Bg4
9.exd6 Qxd6 10.Na3 Qc5 11.b3 cxb3 12.axb3 a6 13.Qe4 Bh5 14.Qe3 Qxe3+ 15.fxe3 e6
16.Be4 Rc8 17.Nc2 Bg6 18.Bxg6 hxg6 19.Ncd4 Nxd4 20.exd4 Be7 21.Ba3 Bxa3 22.Rxa3 O-O
23.Ne5 Rc7 24.O-O Nd7 25.Re1 Rd8 26.b4 Nb6 27.b5 axb5  1/2-1/2

[Event "TCh-POR 1st Div"]
[Site "Torres Vedras POR"]
[Date "2011.07.31"]
[Round "9.1"]
[White "Padeiro,J"]
[Black "Spraggett,K"]
[Result "1/2-1/2"]
[WhiteElo "2304"]
[BlackElo "2573"]

1.e4 c5 2.c3 Nf6 3.e5 Nd5 4.d4 cxd4 5.Nf3 e6 6.cxd4 d6 7.a3 Bd7 8.Bd3 Bc6
9.O-O Nd7 10.b4 a6 11.Qe2 Be7 12.Bd2 Rc8 13.a4 Ra8 14.b5 axb5 15.Bxb5 Bxb5
16.Qxb5 Ra7 17.Nc3 Nc7  1/2-1/2

[Event "15th HZ Open"]
[Site "Vlissingen NED"]
[Date "2011.07.31"]
[Round "2"]
[White "Van den Berg,B"]
[Black "Frost,P"]
[Result "1-0"]
[WhiteElo "2206"]
[BlackElo "1940"]

1.e4 c5 2.c3 Nf6 3.e5 Nd5 4.d4 cxd4 5.Nf3 e6 6.cxd4 Be7 7.Nc3 Nxc3 8.bxc3 O-O
9.Bd3 d5 10.h4 Nc6 11.Bxh7+ Kxh7 12.Ng5+ Bxg5 13.hxg5+ Kg6 14.Qh5+ Kf5 15.g6+  1-0

[Event "15th HZ Open"]
[Site "Vlissingen NED"]
[Date "2011.07.31"]
[Round "3"]
[White "Van Lankveld,W"]
[Black "Kuling,L"]
[Result "0-1"]
[WhiteElo "1989"]
[BlackElo "2223"]

1.e4 c5 2.c3 Nf6 3.e5 Nd5 4.d4 cxd4 5.cxd4 Nc6 6.Nf3 g6 7.Bc4 Nb6 8.Bb3 Bg7
9.Nc3 O-O 10.Bf4 d5 11.h3 a5 12.O-O Bf5 13.Re1 Qd7 14.g4 Be6 15.Ng5 Nd8 16.Na4 Nxa4
17.Bxa4 b5 18.Bc2 f6 19.Nxe6 Nxe6 20.Bg3 Rac8 21.Bd3 Nxd4 22.e6 Nxe6 23.Bxb5 Qxb5
24.Rxe6 Rfe8 25.Rb1 Kf7 26.Qe1 Rc2 27.Re3 Rxb2 28.Rxb2 Qxb2 29.Qxa5 Qc1+
30.Re1 Qc6 31.Bf4 Ra8 32.Qd2 Qc4 33.Rd1 Rxa2 34.Qxd5+ Qxd5 35.Rxd5 Ra7 36.Be3 Rb7
37.Kg2 e6 38.Ra5 Bf8 39.Ra8 Bd6 40.Rd8 Be7 41.Rh8 Kg7 42.Rc8 g5 43.Ra8 f5
44.gxf5 exf5 45.Bd4+ Bf6 46.Bxf6+ Kxf6 47.Ra6+ Kg7 48.Rc6 Rf7 49.Ra6 Rf6
50.Ra7+ Kg6 51.Ra8 Kh5 52.Ra4 Rb6 53.Rc4 h6 54.Ra4 f4 55.Ra8 Kh4 56.Ra3 Rf6
57.f3 Re6 58.Ra2 Rc6 59.Rb2 Re6 60.Ra2 Kh5 61.Rb2 Kg6 62.Ra2 Kf6 63.Rb2 Ke5
64.Ra2 Rc6 65.h4 gxh4 66.Ra3 Rc1 67.Ra5+ Kd4 68.Rh5 Rc2+ 69.Kh3 Ke3  0-1

[Event "Pays de Charleroi Open"]
[Site "Charleroi BEL"]
[Date "2011.08.01"]
[Round "3.11"]
[White "Oger,D"]
[Black "Van Uytven,E"]
[Result "0-1"]
[WhiteElo "1847"]
[BlackElo "2158"]

1.e4 c5 2.c3 Nf6 3.e5 Nd5 4.Nf3 e6 5.d4 cxd4 6.cxd4 d6 7.Bb5+ Bd7 8.Bxd7+ Qxd7
9.O-O Nc6 10.Nc3 Nxc3 11.bxc3 Be7 12.Qe2 O-O 13.Ba3 d5 14.Bxe7 Nxe7 15.Rab1 Rfc8
16.Rfc1 b6 17.Qa6 Nc6 18.Qb5 Qd8 19.Nd2 Na5 20.Qd3 Nc4 21.Rb4 Nxd2 22.Qxd2 Rc6
23.f4 Rac8 24.Rb3 Rc4 25.g3 g6 26.Kf2 a6 27.Qb2 b5 28.a3 Qe7 29.Ke3 f6 30.Kd3 fxe5
31.fxe5 Qf7 32.Qe2 Qf5+ 33.Kd2 Rf8 34.Rbb1 Qg5+ 35.Kd3 Qe7 36.Ra1 Ra4 37.Qb2 Rf5
38.Re1 Qf8 39.Re2 Rf3+ 40.Kc2 Rc4 41.Kd2 Rcxc3 42.Qxc3 Rxc3 43.Kxc3 Qf3+
44.Kd2 Qb3 45.Rc1 Qb2+  0-1

[Event "Pays de Charleroi Open"]
[Site "Charleroi BEL"]
[Date "2011.08.01"]
[Round "3.10"]
[White "Ponnet,H"]
[Black "Burel,I"]
[Result "1-0"]
[WhiteElo "2159"]
[BlackElo "1841"]

1.e4 c5 2.c3 Nf6 3.e5 Nd5 4.d4 cxd4 5.cxd4 d6 6.Bc4 e6 7.Nf3 Nb6 8.Bd3 Nc6
9.O-O Qc7 10.Nc3 a6 11.Qe2 dxe5 12.dxe5 Bc5 13.Rd1 O-O 14.Bxh7+ Kxh7 15.Ng5+ Kg8
16.Qh5 Re8 17.Qh7+ Kf8 18.Qh8+ Ke7 19.Qxg7 Nd5 20.Nxf7  1-0

[Event "Politiken Cup"]
[Site "Helsingor DEN"]
[Date "2011.08.01"]
[Round "4"]
[White "Hess,Ro"]
[Black "Arnold,Mar"]
[Result "1/2-1/2"]
[WhiteElo "2609"]
[BlackElo "2445"]

1.e4 c5 2.c3 Nf6 3.e5 Nd5 4.Nf3 e6 5.d4 cxd4 6.cxd4 d6 7.Bc4 Nb6 8.Bd3 dxe5
9.dxe5 Na6 10.O-O Nc5 11.Bc2 Qxd1 12.Rxd1 Nd5 13.Rd4 Bd7 14.Bd2 Be7 15.Rg4 g6
16.Bh6 f5 17.Rd4 Bc6 18.Nbd2 O-O-O 19.Rc1 Kb8 20.Rd1 Rd7 21.Nb3 Rhd8 22.Bg5 Na6
23.Bxe7 Rxe7 24.Na5 Bb5 25.R4d2 Rc8 26.Bb3 Nc5 27.Nd4 Nxb3 28.axb3 Ba6 29.Nxe6 Nf6
30.exf6 Rxe6 31.Rd7 Rxf6 32.h4 b6  1/2-1/2

[Event "98th ch-GBR"]
[Site "Sheffield ENG"]
[Date "2011.08.01"]
[Round "7.37"]
[White "Waterfield,J"]
[Black "Jones,W"]
[Result "1-0"]
[WhiteElo "1992"]
[BlackElo "2121"]

1.e4 c5 2.c3 Nf6 3.e5 Nd5 4.Bc4 Nb6 5.Bb3 c4 6.Bc2 Nc6 7.Nf3 Qc7 8.O-O Nxe5
9.Nxe5 Qxe5 10.Re1 Qf6 11.d3 cxd3 12.Qxd3 d6 13.Na3 a6 14.Be3 Nd7 15.Nc4 e6
16.Nxd6+ Bxd6 17.Qxd6 Qe7 18.Qd3 Nf6 19.b4 Qc7 20.Bd4 Bd7 21.Be5 Qc6 22.c4 O-O-O
23.Qd4 b6 24.b5 axb5 25.cxb5 Qc5 26.Qxc5+ bxc5 27.a4 Kb7 28.Red1 Bc8 29.a5 h6
30.Rd6 Rxd6 31.Bxd6 Bd7 32.Bd3 Rc8 33.Rc1 c4 34.Rxc4 Rxc4 35.Bxc4 Ne4 36.Bf8 g6
37.Bxh6 Nd6 38.Bd3 Nxb5 39.g4 f5 40.gxf5 exf5 41.Kg2 Nc3 42.Be3 Ne4 43.f3 Nf6
44.Kg3 Bc6 45.Bd4 Nh5+ 46.Kf2 Nf4 47.Bc4 Nh3+ 48.Kg3 Ng5 49.a6+ Kc8 50.Be2 Ne6
51.Bf6 Bd5 52.f4 Nc5 53.Bd4 Ne4+ 54.Kh4 Kc7 55.a7 Kd7 56.Bc4 Bb7 57.Bf7 Nd2
58.Be3 Nf1 59.Bg1 Nd2 60.Kh3 Ke7 61.Bxg6 Kf6 62.Be8 Kg7 63.Bd4+ Kh6 64.Bf6 Ne4
65.Be7 Nd2 66.Bf8+ Kh7 67.Kh4 Nf3+ 68.Kg3 Nd2 69.h4 Ne4+ 70.Kh3 Nf2+ 71.Kh2 Ne4
72.h5 Kg8 73.Bb4 Kg7 74.Bg6 Kf6 75.Ba3 Kg7 76.Bb2+ Kh6 77.Ba3 Kg7 78.Bxf5 Nf6
79.Bb2 Kf7 80.h6  1-0

[Event "15th HZ Open"]
[Site "Vlissingen NED"]
[Date "2011.08.01"]
[Round "4"]
[White "Colijn,S"]
[Black "Hylkema,R"]
[Result "1-0"]
[WhiteElo "2207"]
[BlackElo "2039"]

1.e4 c5 2.c3 Nf6 3.e5 Nd5 4.d4 cxd4 5.cxd4 d6 6.f4 Nc6 7.Nc3 dxe5 8.fxe5 e6
9.Nf3 Be7 10.Bd3 O-O 11.h4 f6 12.Ng5 h6 13.Qh5 fxg5 14.Qg6 Rf5 15.hxg5 Nxe5
16.dxe5 Nf4 17.Bxf4 Qxd3 18.Rxh6 Bd7 19.Rd1 Rxe5+ 20.Bxe5 Qe3+ 21.Ne2 Qxe5
22.Rxd7 Rc8 23.Qxe6+  1-0

[Event "98th ch-GBR"]
[Site "Sheffield ENG"]
[Date "2011.08.02"]
[Round "8.33"]
[White "Dargan,P"]
[Black "Waterfield,J"]
[Result "1-0"]
[WhiteElo "2151"]
[BlackElo "1992"]

1.e4 c5 2.c3 Nf6 3.e5 Nd5 4.d4 cxd4 5.Nf3 Nc6 6.cxd4 d6 7.Bc4 dxe5 8.Bxd5 Qxd5
9.Nc3 Qd6 10.d5 Nb4 11.Be3 Bd7 12.a3 e4 13.axb4 exf3 14.Qxf3 Qxb4 15.O-O Qg4
16.Qxg4 Bxg4 17.Nb5 Rc8 18.Nxa7 Rc2 19.Rfc1 Rxc1+ 20.Rxc1 Be2 21.Rc8+ Kd7
22.Bb6 Kd6 23.Rd8+ Ke5 24.d6  1-0

[Event "Tabor Open"]
[Site "Tabor CZE"]
[Date "2011.08.02"]
[Round "4.12"]
[White "Van Nieuwenhuizen,H"]
[Black "Ivanov,MM"]
[Result "1/2-1/2"]
[WhiteElo "1957"]
[BlackElo "2410"]

1.e4 c5 2.c3 Nf6 3.e5 Nd5 4.d4 cxd4 5.cxd4 g6 6.Nc3 Nxc3 7.bxc3 Bg7 8.g3 d6
9.exd6 Qxd6 10.Bg2 Nc6 11.Ne2 O-O 12.O-O Na5 13.Qa4 Qa6 14.Re1 Rd8 15.Rb1 Bd7
16.Qa3 Bb5 17.Nf4 e6 18.Qc5 Bc4 19.Nh3 Bxa2 20.Bf1 Bc4 21.Ra1 Bxf1 22.Rxa5 Qd3
23.Rxf1 b6 24.Qb5 Qxc3 25.Ra2 Qxd4 26.Bb2 Qd5 27.Qxd5 exd5 28.Bxg7 Kxg7 29.Nf4 a5
30.Rd1 g5 31.Nxd5 b5 32.Nc3 b4 33.Rxd8 Rxd8 34.Ne4 Ra8 35.Nc5 Kf6 36.Kf1 Ke5
37.Nd3+ Kd4 38.Nxb4 a4 39.Ra3 Kc4 40.Nc2 Kb5 41.Ke2 g4 42.Kd2 Ra6 43.Rd3 Rf6
44.Ke2 Kc4 45.Ne3+ Kb5 46.Nxg4 Re6+ 47.Kd2 Ra6 48.Ne3 a3 49.Nc2 a2 50.Ra3 Rxa3
51.Nxa3+ Kb4 52.Nc2+ Kc4 53.h4 f5 54.f3 h5 55.f4 Kb3 56.Kd3 Kb2 57.Kd2 Kb3  1/2-1/2

[Event "15th HZ Open"]
[Site "Vlissingen NED"]
[Date "2011.08.02"]
[Round "5"]
[White "Sveshnikov,V"]
[Black "Colijn,S"]
[Result "1-0"]
[WhiteElo "2407"]
[BlackElo "2207"]

1.e4 c5 2.c3 Nf6 3.e5 Nd5 4.d4 cxd4 5.cxd4 d6 6.Nf3 e6 7.Nc3 Nxc3 8.bxc3 Qc7
9.Bd2 b6 10.Bd3 Bb7 11.O-O Nd7 12.Bf4 Be7 13.Re1 O-O-O 14.exd6 Bxd6 15.Bxd6 Qxd6
16.a4 h5 17.a5 Nc5 18.dxc5 Qxd3 19.Qxd3 Rxd3 20.axb6 Rxc3 21.Ne5 Rf8 22.c6  1-0

[Event "50th World Juniors"]
[Site "Chennai IND"]
[Date "2011.08.03"]
[Round "2.44"]
[White "Soors,S"]
[Black "Sidhant,M"]
[Result "1/2-1/2"]
[WhiteElo "2353"]
[BlackElo "2155"]

1.e4 c5 2.c3 Nf6 3.e5 Nd5 4.d4 cxd4 5.Nf3 e6 6.cxd4 d6 7.a3 Bd7 8.Bd3 Bc6
9.O-O Nd7 10.Re1 Qc7 11.b4 a6 12.Bb2 dxe5 13.dxe5 g6 14.Nbd2 Bg7 15.Nc4 O-O
16.Rc1 Rfd8 17.g3 Bh6 18.Nfd2 N7b6 19.Nd6 Nc8 20.N2e4 f5 21.exf6 Nxd6 22.Be5 Bxc1
23.Qxc1 Bb5 24.f7+ Qxf7 25.Nxd6 Rxd6 26.Bxb5 Rdd8 27.Bf1 Rac8 28.Qg5 Rf8
29.Bd4 Rfe8 30.Qe5 Kf8 31.Bc5+ Kg8 32.Bd4 Kf8 33.h4 Ne7 34.Bh3 Nf5 35.Bc5+ Kg8
36.Bg2 Rcd8 37.a4 Rd7 38.a5 Qg7 39.Qe4 Qf6 40.Bf1 Nd4 41.Kg2 e5 42.Bc4+ Kg7
43.Bd5 Rxd5 44.Qxd5 Qc6 45.Qxc6 Nxc6 46.Rb1  1/2-1/2

[Event "50th World Juniors"]
[Site "Chennai IND"]
[Date "2011.08.03"]
[Round "2.8"]
[White "Rasulov,Vu"]
[Black "Barbosa,Ev"]
[Result "1-0"]
[WhiteElo "2522"]
[BlackElo "2343"]

1.e4 c5 2.c3 Nf6 3.e5 Nd5 4.d4 cxd4 5.Nf3 e6 6.cxd4 d6 7.Bc4 Nb6 8.Bd3 dxe5
9.dxe5 Na6 10.Qe2 Nc5 11.Bc2 Nd5 12.O-O Bd7 13.Nc3 Nxc3 14.bxc3 Bc6 15.Nd4 Qc7
16.Re1 Rc8 17.Qg4 g6 18.h4 Bg7 19.h5 O-O 20.Bf4 Rfd8 21.Re3 Ba4 22.Bb1 Rd5
23.hxg6 hxg6 24.Rh3 Rxe5 25.Nf3 Rd8 26.Bxg6 fxg6 27.Qxg6 Nd3 28.Ng5 Rxg5
29.Qh7+  1-0

[Event "9th ch-EU Youth U14"]
[Site "Mureck AUT"]
[Date "2011.08.03"]
[Round "1"]
[White "Korpa,B"]
[Black "Cusmuliuc,D"]
[Result "1-0"]
[WhiteElo "2240"]
[BlackElo "1695"]

1.e4 c5 2.c3 Nf6 3.e5 Nd5 4.d4 cxd4 5.Qxd4 e6 6.Nf3 Nc6 7.Qe4 d6 8.Bb5 Bd7
9.c4 Nb6 10.exd6 Bxd6 11.O-O h6 12.Rd1 Qc7 13.Be3 Be7 14.Nc3 O-O 15.c5 Nd5
16.Rxd5 f5 17.Rxd7 Qxd7 18.Qc4 a6 19.Bxc6 Qxc6 20.Ne5 Qc8 21.Rd1 Rd8 22.Rd7 Rxd7
23.Qxe6+ Kh8 24.Nxd7 Bf6 25.Nd5 Qe8 26.Qxe8+ Rxe8 27.N7xf6 gxf6 28.Nxf6 Re5
29.Kf1 Kg7 30.Bd4 Re6 31.Ne8+ Kg6 32.Nd6 Re7 33.f4 Rd7 34.Be5 Rc7 35.b4  1-0

[Event "9th ch-EU Youth U14"]
[Site "Mureck AUT"]
[Date "2011.08.03"]
[Round "1"]
[White "Novotna,Barbora"]
[Black "Haavamae,Henrik"]
[Result "0-1"]
[WhiteElo "1527"]
[BlackElo "1918"]

1.e4 c5 2.c3 Nf6 3.e5 Nd5 4.d4 cxd4 5.cxd4 e6 6.Nf3 Be7 7.Bd2 O-O 8.Nc3 Nxc3
9.Bxc3 d6 10.Bd3 Nd7 11.O-O dxe5 12.Nxe5 Bd6 13.Nxd7 Bxd7 14.Re1 Bc6 15.Qg4 f5
16.Qh3 Rf6 17.d5 Rh6 18.Qxh6 gxh6 19.dxc6 Qc7 20.cxb7 Bxh2+ 21.Kh1 Rf8 22.g3 f4
23.Be5 Qf7 24.b8=Q Rxb8 25.Bxb8 Qh5 26.Kg2 f3+  0-1

[Event "Ceska Cup IM2"]
[Site "Olomouc CZE"]
[Date "2011.08.03"]
[Round "1.4"]
[White "Vrana,J"]
[Black "Volodin,V"]
[Result "1/2-1/2"]
[WhiteElo "2306"]
[BlackElo "2200"]

1.e4 c5 2.c3 Nf6 3.e5 Nd5 4.d4 cxd4 5.Nf3 Nc6 6.cxd4 d6 7.Bc4 Nb6 8.Bb5 dxe5
9.Nxe5 Bd7 10.Nxd7 Qxd7 11.O-O e6 12.Nc3 Be7 13.Qg4 O-O 14.Bxc6 bxc6 15.Bh6 Bf6
16.Rfd1 Kh8 17.Ne4 Qe7 18.Bf4 Rfd8 19.Be5 Bxe5 20.dxe5 Nc4 21.Qg3 Nxb2 22.Rd6 Nc4
23.Rxc6 Qd7 24.Nd6 Qxc6 25.Nxf7+ Kg8 26.Nh6+ Kh8  1/2-1/2

[Event "15th HZ Open"]
[Site "Vlissingen NED"]
[Date "2011.08.03"]
[Round "6"]
[White "Van der Borgt,P"]
[Black "Timmermans,I"]
[Result "0-1"]
[WhiteElo "2061"]
[BlackElo "2232"]

1.e4 c5 2.c3 Nf6 3.e5 Nd5 4.d4 cxd4 5.cxd4 e6 6.Nf3 d6 7.Be2 Nc6 8.O-O Be7
9.Nc3 Nxc3 10.bxc3 dxe5 11.dxe5 Qa5 12.Bf4 Qxc3 13.Rb1 O-O 14.Rb3 Qa5 15.Nd4 Rd8
16.Nxc6 bxc6 17.Bd3 g6 18.Qf3 Qxa2 19.Rfb1 Ba6 20.Bxa6 Qxa6 21.Rb7 Rd3 22.Be3 Qa3
23.h4 Rf8 24.Qe4 a5 25.Bc1 Rd1+ 26.Kh2 Rxc1 27.Rxc1 Qxc1 28.Rxe7 Qc5 29.Rc7 Qxf2
30.Rxc6 Qa7 31.Rc4 h5 32.Ra4 Rd8 33.Rc4 Rd1 34.Rc8+ Kg7 35.Qf3 Qg1+ 36.Kh3 Qh1+
37.Kg3 Qe1+ 38.Kh3 Qf1 39.Qxf1 Rxf1 40.Ra8 Ra1 41.Kg3 a4 42.Kf2 a3 43.Ke2 a2
44.Kf2 g5  0-1

[Event "Pays de Charleroi Open"]
[Site "Charleroi BEL"]
[Date "2011.08.04"]
[Round "7.19"]
[White "Real,T"]
[Black "Burel,I"]
[Result "1/2-1/2"]
[WhiteElo "2000"]
[BlackElo "1841"]

1.e4 c5 2.c3 Nf6 3.e5 Nd5 4.d4 cxd4 5.cxd4 d6 6.Nf3 e6 7.Bc4 Nb6 8.Bb3 dxe5
9.Nxe5 Nc6 10.Be3 Nd5 11.Ba4 Bd7 12.Nxd7 Qxd7 13.O-O Be7 14.Nc3 Nb6 15.Qg4 O-O
16.Bb3 Rfd8 17.Rad1 Nd5 18.Qh3 Bf6 19.Ne4 Nce7 20.Bc2 Ng6 21.Nxf6+ Nxf6 22.Bg5 Rac8
23.Bb1 Qb5 24.Bxf6 gxf6 25.Rd3 Kg7 26.b3 Qg5 27.Qf3 Rc7 28.Qe4 b6 29.Rg3 Qd2
30.Rd3 Qb2 31.h4 Rc1 32.Rdd1 Rxd1 33.Rxd1 h5 34.g4 f5 35.gxf5 exf5 36.Qxf5 Rxd4
37.Rxd4 Qxd4 38.Qe4 Qd1+ 39.Kg2 Nxh4+ 40.Qxh4 Qxb1  1/2-1/2

[Event "16th Creon Open"]
[Site "Creon FRA"]
[Date "2011.08.04"]
[Round "5.17"]
[White "Ballan,G"]
[Black "Favarel,A"]
[Result "1/2-1/2"]
[WhiteElo "1966"]
[BlackElo "2235"]

1.e4 c5 2.c3 Nf6 3.e5 Nd5 4.d4 cxd4 5.Bc4 Qc7 6.Qe2 Nb6 7.Bd3 d5 8.exd6 Qxd6
9.Nf3 Bg4 10.O-O g6 11.Qe5 Qxe5 12.Nxe5 Bf5 13.Bxf5 gxf5 14.cxd4 Nc6 15.Be3 Nd5
16.Nxc6 bxc6 17.Nc3 Kd7 18.Nxd5 cxd5 19.Rac1 e6 20.Bf4 Bd6 21.Bxd6 Kxd6 22.Rc3 Rhc8
23.Rfc1 Rxc3 24.Rxc3 Rb8 25.b3 Rb4 26.Rd3 Rb6 27.Rc3 Ra6 28.Rc2 f4 29.Kf1 f6
30.Ke2 e5 31.g3 fxg3 32.hxg3 Rb6 33.Ke3 Rb8 34.f3 h5 35.Rh2 Rg8 36.Rxh5 Rxg3
37.Rh6 exd4+ 38.Kf2 Rg7 39.Rxf6+ Kc5 40.Ra6 Re7 41.Ra5+ Kb4 42.Rxd5 Kc3 43.Rc5+ Kd2
44.b4 d3 45.a4 Re2+ 46.Kf1 Rh2 47.Rc7 Ke3 48.Re7+ Kxf3 49.Ke1 Ra2 50.Rxa7 Ke3
51.Re7+ Kd4 52.b5  1/2-1/2

[Event "Politiken Cup"]
[Site "Helsingor DEN"]
[Date "2011.08.04"]
[Round "7.67"]
[White "Skjoldager,P"]
[Black "Kyrkjebo,Erlend"]
[Result "0-1"]
[WhiteElo "2126"]
[BlackElo "1953"]

1.e4 c5 2.c3 Nf6 3.e5 Nd5 4.Nf3 Nc6 5.d4 cxd4 6.cxd4 d6 7.a3 Bf5 8.exd6 Qxd6
9.Nc3 e6 10.Qb3 Nb6 11.Nb5 Qd8 12.Bf4 Rc8 13.Rc1 Nd5 14.Bg3 Be7 15.Nc3 O-O
16.Bb5 Qb6 17.Nxd5 exd5 18.O-O Be4 19.Ba4 Qxb3 20.Bxb3 Bf6 21.Rcd1 Na5 22.Ba4 Nc4
23.b3 Nb2 24.Rd2 Nxa4 25.bxa4 Rc3 26.Ne5 Bxe5 27.Bxe5 Rd8 28.f3 Bd3 29.Rfd1 Ba6
30.Ra1 f6 31.Bg3 Kf7 32.Rb2 Rd3 33.Rb4 Rc8 34.Ra2 Rc1+ 35.Kf2 Rdc3 36.Rb5 Bxb5
37.axb5 R3c2+ 38.Rxc2 Rxc2+ 39.Kf1 Rd2 40.Bb8 Rxd4 41.Bxa7 Rd2 42.Bc5 Ke6
43.h3 Rc2 44.Bb4 d4 45.g3 Kd5 46.b6 Kc4 47.Ke1 Kd3 48.Bf8 Rc1+ 49.Kf2 Kc2  0-1

[Event "Politiken Cup"]
[Site "Helsingor DEN"]
[Date "2011.08.04"]
[Round "7.49"]
[White "Andersen,Ru2"]
[Black "Willumsen,H"]
[Result "0-1"]
[WhiteElo "2078"]
[BlackElo "2194"]

1.e4 c5 2.c3 Nf6 3.e5 Nd5 4.d4 cxd4 5.Nf3 Nc6 6.cxd4 d6 7.Bc4 Nb6 8.Bb3 d5
9.Nh4 e6 10.Nf3 Be7 11.O-O Bd7 12.Nc3 a5 13.a4 Nb4 14.Ne1 O-O 15.Nc2 f5 16.f4 Nc4
17.Bxc4 dxc4 18.d5 Nxc2 19.Qxc2 Bc5+ 20.Kh1 exd5 21.Nxd5 Bc6 22.Ne3 Bxe3
23.Bxe3 Qd3 24.Qf2 Rfe8 25.Rfd1 Qb3 26.Rdc1 Rad8 27.h3 Qd3 28.Ra3 Qe4 29.Bb6 Rd3
30.Re1 Qd5 31.Re3 Re6 32.Rg3 Rd1+ 33.Kh2 Rd2 34.Qf1 Rxb2 35.Bc7 Rb3 36.Raxb3 cxb3
37.Qb1 Rg6 38.Rxg6 hxg6 39.Qb2 Qxg2+ 40.Qxg2 Bxg2  0-1

[Event "Politiken Cup"]
[Site "Helsingor DEN"]
[Date "2011.08.04"]
[Round "7.92"]
[White "Meier,L"]
[Black "Pedersen,Carl Aage"]
[Result "1-0"]
[WhiteElo "1980"]
[BlackElo "1752"]

1.e4 c5 2.c3 Nf6 3.e5 Nd5 4.d4 cxd4 5.Nf3 e6 6.cxd4 Nc6 7.Nc3 d6 8.Nxd5 exd5
9.Be2 Be7 10.O-O O-O 11.Bf4 Bg4 12.h3 Bh5 13.Rc1 f6 14.e6 Qb6 15.Qb3 Qxb3
16.axb3 Rfc8 17.g4 Bg6 18.Be3 Nd8 19.Nh4 Nxe6 20.Nxg6 hxg6 21.Bf3 Nd8 22.Bxd5+ Kf8
23.Rc3 Rxc3 24.bxc3 Rc8 25.Bd2 Rc7 26.h4 Nc6 27.Kg2 Bd8 28.Rb1 Ne7 29.Be6 Ng8
30.h5 g5 31.c4 Re7 32.d5 Bb6 33.f4  1-0

[Event "Politiken Cup"]
[Site "Helsingor DEN"]
[Date "2011.08.04"]
[Round "7.41"]
[White "Christensen,Janu"]
[Black "Teplyi,I"]
[Result "0-1"]
[WhiteElo "2127"]
[BlackElo "2393"]

1.e4 c5 2.c3 Nf6 3.e5 Nd5 4.d4 cxd4 5.Nf3 Nc6 6.Bc4 e6 7.Bxd5 exd5 8.O-O d6
9.Re1 dxe5 10.Nxe5 Nxe5 11.Rxe5+ Be6 12.cxd4 Be7 13.Qd3 Rc8 14.Nc3 O-O 15.Bf4 Bf6
16.Re2 Qb6 17.Be5 Bxe5 18.dxe5 d4 19.Na4 Qc6 20.b3 Rfd8 21.Rd1 g6 22.Red2 Bf5
23.Qg3 d3 24.Nb2 Qc3 25.h4 b5 26.Qg5 h5 27.e6 fxe6 28.Re1 Kf7 29.Nd1 Qb4
30.Re5 Rd5 31.Rxd5 exd5 32.Qh6 Kg8 33.Qe3 Rc2 34.Rxd3 Bxd3 35.Qxd3 Qe4 36.Qxb5 Rc1
37.Qb8+ Kh7 38.Qd8 Rxd1+ 39.Kh2 Qf4+ 40.Kh3 Qf5+ 41.Kg3 Qe5+ 42.f4 Rd3+ 43.Kf2 Qe3+
44.Kf1 Rd1+  0-1

[Event "Tabor Open"]
[Site "Tabor CZE"]
[Date "2011.08.04"]
[Round "6.21"]
[White "Van Nieuwenhuizen,H"]
[Black "Groh,Jiri1"]
[Result "1-0"]
[WhiteElo "1957"]
[BlackElo "2116"]

1.e4 c5 2.c3 Nf6 3.e5 Nd5 4.d4 cxd4 5.cxd4 Nc6 6.Nc3 Nxc3 7.bxc3 d6 8.exd6 e6
9.Bf4 Bxd6 10.Bxd6 Qxd6 11.Nf3 O-O 12.Be2 b6 13.O-O Bb7 14.Qd3 Rad8 15.Ng5 f5
16.Qe3 Rde8 17.Bc4 Rf6 18.Rfe1 Nd8 19.Bb3 Rg6 20.f4 h6 21.Nf3 Rg4 22.g3 g5
23.Qe5 Qc6 24.d5 Qc5+ 25.Nd4 gxf4 26.dxe6 fxg3 27.Qxc5 gxh2+ 28.Kxh2 bxc5
29.Nxf5 Rg6 30.e7+ Kh8 31.exd8=Q Rg2+ 32.Kh3 Rxd8 33.Rad1 Rf8 34.Re7 Bc6
35.Rd6  1-0

[Event "15th HZ Open"]
[Site "Vlissingen NED"]
[Date "2011.08.04"]
[Round "7"]
[White "Dahm,J"]
[Black "Smits,S"]
[Result "1-0"]
[WhiteElo "2345"]
[BlackElo "2180"]

1.e4 c5 2.c3 Nf6 3.e5 Nd5 4.Nf3 e6 5.Bc4 d6 6.O-O Nc6 7.d4 cxd4 8.cxd4 Be7
9.exd6 Qxd6 10.Re1 O-O 11.Nc3 Nxc3 12.bxc3 b6 13.Ng5 h6 14.Ne4 Qc7 15.Qg4 f5
16.Qg3 Qxg3 17.Nxg3 Nd8 18.d5 Bb7 19.dxe6 Rc8 20.Bb3 f4 21.Ne4 Nc6 22.Nd6 Bxd6
23.e7+ Kh8 24.exf8=Q+ Rxf8 25.Bd5 Bc5 26.a4 Rd8 27.Bxc6 Bxc6 28.Bxf4 Rd3
29.Be5 Rd2 30.Bd4 Bxd4 31.cxd4 Rxd4 32.a5 b5 33.Rac1 Bd7 34.Rcd1  1-0

[Event "Politiken Cup"]
[Site "Helsingor DEN"]
[Date "2011.08.05"]
[Round "8.40"]
[White "Eriksson,C"]
[Black "Ochsner,B"]
[Result "0-1"]
[WhiteElo "2129"]
[BlackElo "2258"]

1.e4 c5 2.c3 Nf6 3.e5 Nd5 4.d4 cxd4 5.Nf3 e6 6.cxd4 d6 7.Bc4 Nc6 8.Qe2 Be7
9.O-O O-O 10.Nc3 Nxc3 11.bxc3 dxe5 12.dxe5 b6 13.Bd3 Bb7 14.Qe4 g6 15.Bh6 Re8
16.Rad1 Qc7 17.Qf4 Rad8 18.Rfe1 Rd5 19.Be4 Rxd1 20.Rxd1 Rd8 21.Re1 Rd7 22.h4 Na5
23.Bxb7 Nxb7 24.Ng5 Bxg5 25.Qxg5 Qd8 26.Qf4 Nc5 27.Bg5 Nd3 28.Qg3 Qc8 29.Re3 Nb2
30.Bf6 Qc5 31.Kh2 Nc4 32.Re2 Nd2 33.Qg5 Nf1+ 34.Kh3 Rd3+ 35.g3 Qd5 36.Qh6 Qh1+
37.Kg4 Qf3+ 38.Kh3 Qxg3+  0-1

[Event "Prima Pack Cup GM2"]
[Site "Olomouc CZE"]
[Date "2011.08.05"]
[Round "3"]
[White "Wieczorek,O"]
[Black "Simantsev,M"]
[Result "0-1"]
[WhiteElo "2374"]
[BlackElo "2558"]

1.e4 c5 2.c3 Nf6 3.e5 Nd5 4.d4 cxd4 5.Nf3 Nc6 6.cxd4 d6 7.Bc4 Nb6 8.Bb3 e6
9.exd6 Bxd6 10.O-O O-O 11.Nc3 Nd5 12.Bc2 Be7 13.a3 Nxc3 14.bxc3 b6 15.Qd3 g6
16.Bh6 Re8 17.Ba4 Bd7 18.Qe4 Rc8 19.Rad1 Na5 20.Bxd7 Qxd7 21.d5 exd5 22.Rxd5 Qc6
23.Nd4 Qa8 24.Qf3 Rcd8 25.Rxd8 Rxd8 26.Qe3 Re8 27.Re1 Nc4 28.Qe2 Nd6 29.Qa6 Bf6
30.Rxe8+ Qxe8 31.Be3 Bxd4 32.Bxd4 Qb5 33.Qxb5 Nxb5 34.a4 Nxd4 35.cxd4 Kf8
36.Kf1 Ke7 37.Ke2 Kd6 38.Kd3 Kd5 39.Kc3 a6 40.h3 f5 41.Kd3 f4 42.h4 h6 43.Kc3 b5
44.axb5 axb5  0-1

[Event "Ceska Cup IM2"]
[Site "Olomouc CZE"]
[Date "2011.08.05"]
[Round "3"]
[White "Michalczak,T"]
[Black "Volodin,V"]
[Result "1/2-1/2"]
[WhiteElo "2325"]
[BlackElo "2200"]

1.e4 c5 2.c3 Nf6 3.e5 Nd5 4.Nf3 Nc6 5.Bc4 e6 6.d4 cxd4 7.cxd4 d6 8.O-O Be7
9.exd6 Qxd6 10.Nc3 Nxc3 11.bxc3 O-O 12.Re1 b6 13.Ng5 Bxg5 14.Bxg5 Bb7 15.Qg4 Ne7
16.Bxe6 fxe6 17.Rxe6 Bc8 18.Rxd6 Bxg4 19.Bxe7 Rfe8 20.Bh4 Rac8 21.f3 Be6
22.d5 Bf7 23.Rd1 Rxc3 24.Rd7 Rc2 25.d6 g5 26.Rxf7 Kxf7 27.d7 gxh4 28.dxe8=Q+ Kxe8
29.a4 h3 30.gxh3 Ra2 31.Rd4 a5 32.Rd6 Rxa4 33.Rxb6 Ra2 34.Rh6 Kf7 35.Rxh7+ Kg6
36.Ra7 Kg5 37.Kf1 a4 38.Ke1 a3 39.Kd1 Kf4 40.Kc1 Rxh2 41.Rxa3  1/2-1/2

[Event "8th Ostroda Open"]
[Site "Ostroda POL"]
[Date "2011.08.05"]
[Round "2.7"]
[White "Kuban,W"]
[Black "Cartier,N"]
[Result "0-1"]
[WhiteElo "1809"]
[BlackElo "2076"]

1.e4 c5 2.c3 Nf6 3.e5 Nd5 4.d4 cxd4 5.cxd4 g6 6.Nc3 Nxc3 7.bxc3 Bg7 8.Nf3 Nc6
9.Bd3 O-O 10.Bf4 d6 11.exd6 exd6 12.O-O a6 13.Re1 b5 14.Qd2 Bg4 15.Re3 b4
16.cxb4 Bxf3 17.Rxf3 Nxd4 18.Rb1 Nxf3+ 19.gxf3 d5 20.Rb3 Qb6 21.Be3 d4 22.Bh6 Rac8
23.b5 axb5 24.Rxb5 Qc6 25.Kg2 Qc3 26.Rb3 Qxd2 27.Bxd2 Rb8 28.Bc4 Rxb3 29.axb3 Be5
30.f4 Bd6 31.Kf3 Re8 32.b4 Kg7 33.b5 Bc5 34.Ba5 f5 35.Bc7 Rc8 36.Be5+ Kf8
37.Ke2 Ra8 38.Bc7 Rc8 39.Be5 Ke7 40.Kd3 Bb6 41.f3 Ra8 42.Bb3 Ra1 43.Bxd4 Bxd4
44.Kxd4 Kd6 45.Bg8 h6 46.Bf7 g5 47.Bg6  0-1

[Event "37th Badalona Open A"]
[Site "Badalona ESP"]
[Date "2011.08.06"]
[Round "6"]
[White "Jerez Perez,A"]
[Black "Volodin,Alek"]
[Result "0-1"]
[WhiteElo "2416"]
[BlackElo "2523"]

1.e4 c5 2.c3 Nf6 3.e5 Nd5 4.Nf3 e6 5.d4 cxd4 6.cxd4 d6 7.Bc4 Nc6 8.O-O Be7
9.Qe2 O-O 10.Qe4 Bd7 11.Nbd2 Rc8 12.a3 b5 13.Ba2 a6 14.Qg4 Kh8 15.Ne4 f5
16.exf6 Nxf6 17.Nxf6 Bxf6 18.Bb1 g6 19.Bh6 Re8 20.Bg5 Bxg5 21.Nxg5 Qf6 22.d5 exd5
23.Nxh7 Qxf2+ 24.Kxf2 Bxg4 25.Nf6 Rf8 26.Kg1 Be2 27.Rf2 Ne5 28.Ba2 d4 29.Rxe2 Rxf6
30.Rd1 d3 31.Red2 Kg7 32.Re1 Rf4 33.Bb1 Rd4 34.h3 Rc5 35.Kf2 Rcd5 36.Red1 Kf6
37.b3 a5 38.Kg3 a4 39.bxa4 Rxa4 40.Ra2 Kg5 41.Kf2 Rf4+ 42.Kg3 Rfd4 43.Rad2 Rc5
44.Kf2 Rc3 45.Ke3 Ra4 46.Bxd3 Raxa3  0-1

[Event "FSGM August"]
[Site "Budapest HUN"]
[Date "2011.08.06"]
[Round "1"]
[White "Vajda,Le"]
[Black "Baghdasaryan,V"]
[Result "1-0"]
[WhiteElo "2504"]
[BlackElo "2289"]

1.e4 c5 2.c3 Nf6 3.e5 Nd5 4.d4 cxd4 5.Nf3 e6 6.cxd4 d6 7.Bc4 Nc6 8.O-O Be7
9.Qe2 O-O 10.Nc3 dxe5 11.dxe5 Nxc3 12.bxc3 Qa5 13.Bd2 b6 14.Bb5 Bb7 15.a3 Rfd8
16.Be1 Bxa3 17.Nd4 Rxd4 18.cxd4 Nb4 19.f4 Rd8 20.f5 exf5 21.e6 fxe6 22.Qxe6+ Kh8
23.Qe7 Rb8 24.Rxf5 Nc6 25.Qxa3 Qxa3 26.Rxa3 Nxd4 27.Re5 Rf8 28.Rxa7  1-0